| 000 | 00474nam a2200181Ia 4500 | ||
|---|---|---|---|
| 001 | 5106 | ||
| 005 | 20260306145844.0 | ||
| 008 | 260306t2002||||xx |||||||||||||| ||spa|| | ||
| 041 | _aESP | ||
| 082 |
_a332.678 _bV34 |
||
| 100 |
_aVásquez Huamán, Enrique _eAUT |
||
| 245 | 0 |
_aGerencia social: _bDiseño, monitoreo y evaluación de proyectos sociales |
|
| 260 | _c2002 | ||
| 300 |
_a290 páginas : _c21 cm. |
||
| 650 | _aGEN | ||
| 654 | _aCAN | ||
| 942 |
_cLIB _dJUS _fJUS _2ddc _n |
||
| 999 |
_c5106 _d5106 |
||